All "Slay the Princess" Chapters - Statistics

General Stats
  • This quiz has been taken 178 times
  • The average score is 23 of 28
Answer Stats
Hint Answer % Correct
Chapter II The Tower
95%
Chapter II The Damsel
94%
Chapter II The Witch
94%
Chapter I The Hero and the Princess
92%
Chapter II The Spectre
92%
Chapter II The Adversary
90%
Chapter II The Nightmare
90%
Chapter II The Prisoner
89%
Chapter II The Beast
88%
Chapter II The Razor
87%
Chapter III The Den
85%
Chapter III The Fury
85%
Chapter III The Wild
85%
Chapter III The Princess and the Dragon
84%
Epilogue Happily Ever After
83%
Chapter III The Thorn
83%
Chapter ?? The Moment of Clarity
82%
Chapter III The Apotheosis
79%
Chapter III The Cage
79%
Chapter III The Eye of the Needle
76%
Chapter II The Stranger
76%
Chapter III The Wraith
75%
Chapter III The Grey (Drowned)
74%
Chapter III The Grey (Burned)
73%
Chapter III The Arms Race
66%
Chapter VI The Empty Cup
65%
Chapter VI Mutually Assured Destruction
63%
Chapter III No Way Out
55%
No matching quizzes found
Score Distribution
Percent of People with Each Score
Percentile by Number Answered
Your Score History
You have not taken this quiz